[Event "Bundesliga 9697"]
[Site "Deutschland"]
[Date "1996.??.??"]
[Round "?.3"]
[White "Hickl, Joerg"]
[Black "Mueller, Karsten"]
[Result "1/2-1/2"]
[WhiteElo "2600"]
[BlackElo "2490"]
[PlyCount "49"]
[EventDate "1996.10.??"]
[EventType "team"]
[EventRounds "15"]
[EventCountry "GER"]
[SourceTitle "Bundesliga 9697"]
[Source "DeepChess"]
[SourceDate "2005.01.01"]
[SourceVersion "1"]
[SourceVersionDate "2005.01.01"]
[SourceQuality "1"]
[WhiteTeam "SV Empor Berlin e.V."]
[BlackTeam "Hamburger SK 1830 e.V."]
[WhiteTeamCountry "GER"]
[BlackTeamCountry "GER"]

1. g3 d5 2. Bg2 e5 3. d3 Nf6 4. Nf3 Bd6 5. Nc3 c6 6. O-O O-O 7. e4 dxe4 8. dxe4
Bg4 9. h3 Bh5 10. Bg5 h6 11. Be3 Re8 12. Qe2 Nbd7 13. Rad1 Qc7 14. g4 Bg6 15.
Nh4 Bc5 16. Bc1 Nf8 17. Qc4 Ne6 18. a4 a6 19. b4 b5 20. Qb3 Nd4 21. Qb2 Bf8 22.
Be3 Bh7 23. Nf5 a5 24. bxa5 b4 25. Na2 1/2-1/2

[Event "Bundesliga 9697"]
[Site "Deutschland"]
[Date "1996.??.??"]
[Round "?.6"]
[White "Loeffler, Stefan"]
[Black "Volke, Karsten"]
[Result "0-1"]
[WhiteElo "2410"]
[BlackElo "2475"]
[PlyCount "120"]
[EventDate "1996.10.??"]
[EventType "team"]
[EventRounds "15"]
[EventCountry "GER"]
[SourceTitle "Bundesliga 9697"]
[Source "DeepChess"]
[SourceDate "2005.01.01"]
[SourceVersion "1"]
[SourceVersionDate "2005.01.01"]
[SourceQuality "1"]
[WhiteTeam "Hamburger SK 1830 e.V."]
[BlackTeam "SV Empor Berlin e.V."]
[WhiteTeamCountry "GER"]
[BlackTeamCountry "GER"]

1. Nf3 Nf6 2. c4 g6 3. Nc3 Bg7 4. e4 d6 5. d4 O-O 6. h3 a6 7. Bd3 c5 8. d5 b5
9. cxb5 axb5 10. Nxb5 Ba6 11. Nc3 Qb6 12. O-O Bxd3 13. Qxd3 Na6 14. Qe2 Nb4 15.
Bg5 Qa6 16. Qd2 Qd3 17. Rfd1 Qxd2 18. Rxd2 h6 19. Be3 Nd7 20. a3 Rfb8 21. Rb1
Na6 22. Rc2 Nc7 23. Kf1 Rb7 24. Nd2 f5 25. b4 cxb4 26. Rxb4 Rxb4 27. axb4 Rb8
28. Ne2 Rb7 29. Nb3 Na6 30. exf5 gxf5 31. Nbd4 Nxb4 32. Rc8+ Kh7 33. Nxf5 Nxd5
34. Bd2 Nc5 35. Nxg7 Rb1+ 36. Nc1 Kxg7 37. Ke2 Rb2 38. Nd3 Nc3+ 39. Ke3 Nd1+
40. Ke2 Nxd3 41. Kxd3 Nxf2+ 42. Ke3 Ne4 43. Bc1 Rb4 44. Re8 Kf7 45. Rh8 Kg6 46.
Ke2 h5 47. Be3 Nf6 48. Ra8 Kf5 49. Ra3 e5 50. Bh6 Rb2+ 51. Kf3 Rb7 52. Be3 d5
53. Bf2 Rb1 54. Bg3 d4 55. Bh4 e4+ 56. Kg3 Nd7 57. Ra6 Rb3+ 58. Kf2 e3+ 59. Kf1
Rb1+ 60. Ke2 Ke4 0-1

[Event "Bundesliga 9697"]
[Site "Deutschland"]
[Date "1996.??.??"]
[Round "?.7"]
[White "Poldauf, Dirk"]
[Black "Heinemann, Thies"]
[Result "1/2-1/2"]
[WhiteElo "2470"]
[BlackElo "2420"]
[PlyCount "114"]
[EventDate "1996.10.??"]
[EventType "team"]
[EventRounds "15"]
[EventCountry "GER"]
[SourceTitle "Bundesliga 9697"]
[Source "DeepChess"]
[SourceDate "2005.01.01"]
[SourceVersion "1"]
[SourceVersionDate "2005.01.01"]
[SourceQuality "1"]
[WhiteTeam "SV Empor Berlin e.V."]
[BlackTeam "Hamburger SK 1830 e.V."]
[WhiteTeamCountry "GER"]
[BlackTeamCountry "GER"]

1. c4 e5 2. Nc3 Nf6 3. Nf3 Nc6 4. g3 d6 5. Bg2 g6 6. O-O Bg7 7. d4 O-O 8. d5
Ne7 9. e4 Nd7 10. b4 a5 11. Ba3 axb4 12. Bxb4 Nc5 13. a4 Na6 14. Ba3 b6 15. Ne1
f5 16. Nd3 g5 17. a5 bxa5 18. Bc1 f4 19. Rxa5 c5 20. Ra2 Bd7 21. Bf3 Nc7 22.
Rxa8 Nxa8 23. Bg4 Qc8 24. Bxd7 Qxd7 25. Qh5 Bf6 26. gxf4 gxf4 27. Kh1 Nb6 28.
Rg1+ Ng6 29. Nb2 Bd8 30. Nb5 Rf6 31. Qg4 Qxg4 32. Rxg4 Kf7 33. Bd2 Ne7 34. f3
Nec8 35. Ba5 Be7 36. Kg1 Rg6 37. Rxg6 Kxg6 38. Kf2 Kh5 39. Kg2 Kh4 40. Be1+ Kh5
41. Kh3 Bd8 42. Ba5 Be7 43. Na7 Nxa7 44. Bxb6 Nc8 45. Bc7 Kg5 46. Nd3 Bf6 47.
Nc1 Kh5 48. Nb3 Kg5 49. Na5 Kh5 50. Nc6 Kg5 51. Nd8 Kh5 52. Ne6 Kg6 53. Kg4 Be7
54. Ba5 Na7 55. Bb6 Nc8 56. Bc7 Na7 57. Bb6 Nc8 1/2-1/2

[Event "Bundesliga 9697"]
[Site "Deutschland"]
[Date "1996.??.??"]
[Round "?.8"]
[White "Sievers, Stefan"]
[Black "Muse, Mladen"]
[Result "1/2-1/2"]
[WhiteElo "2380"]
[BlackElo "2445"]
[PlyCount "25"]
[EventDate "1996.10.??"]
[EventType "team"]
[EventRounds "15"]
[EventCountry "GER"]
[SourceTitle "Bundesliga 9697"]
[Source "DeepChess"]
[SourceDate "2005.01.01"]
[SourceVersion "1"]
[SourceVersionDate "2005.01.01"]
[SourceQuality "1"]
[WhiteTeam "Hamburger SK 1830 e.V."]
[BlackTeam "SV Empor Berlin e.V."]
[WhiteTeamCountry "GER"]
[BlackTeamCountry "GER"]

1. e4 e5 2. Nf3 Nc6 3. Nc3 Nf6 4. d4 exd4 5. Nxd4 Bb4 6. Nxc6 bxc6 7. Bd3 d5 8.
exd5 cxd5 9. O-O O-O 10. Bg5 c6 11. Qf3 Be7 12. Rfe1 Be6 13. h3 1/2-1/2

[Event "Bundesliga 9697"]
[Site "Deutschland"]
[Date "1997.??.??"]
[Round "?.2"]
[White "Casper, Thomas"]
[Black "Ftacnik, Lubomir"]
[Result "1/2-1/2"]
[WhiteElo "2405"]
[BlackElo "2595"]
[PlyCount "86"]
[EventDate "1996.10.??"]
[EventType "team"]
[EventRounds "15"]
[EventCountry "GER"]
[SourceTitle "Bundesliga 9697"]
[Source "DeepChess"]
[SourceDate "2005.01.01"]
[SourceVersion "1"]
[SourceVersionDate "2005.01.01"]
[SourceQuality "1"]
[WhiteTeam "SV Erfurt West 90"]
[BlackTeam "Hamburger SK 1830 e.V."]
[WhiteTeamCountry "GER"]
[BlackTeamCountry "GER"]

1. e4 d6 2. d4 Nf6 3. Nc3 g6 4. g3 Bg7 5. Bg2 O-O 6. Nge2 Na6 7. O-O e5 8. dxe5
dxe5 9. Qxd8 Rxd8 10. a3 Be6 11. f3 Nd7 12. Be3 Nb6 13. b3 Bf8 14. Rfd1 f6 15.
Bf1 Rxd1 16. Nxd1 Nc5 17. Nf2 a5 18. a4 Nbd7 19. Bh3 Bxh3 20. Nxh3 Kf7 21. Nf2
c6 22. Nc3 Ke6 23. Kf1 Nb8 24. Rd1 Nba6 25. Na2 Be7 26. Ke2 h5 27. Bd2 Nc7 28.
Ra1 Kf7 29. Be3 N7e6 30. Nc1 g5 31. Ncd3 Nd7 32. Rd1 Ke8 33. f4 gxf4 34. gxf4
exf4 35. Nxf4 Nxf4+ 36. Bxf4 Nc5 37. Be3 Ne6 38. Nd3 Bd6 39. Rf1 Ke7 40. Rf5
Ng7 41. Rf2 Ne6 42. Rf5 Ng7 43. Rf2 Ne6 1/2-1/2

[Event "Bundesliga 9697"]
[Site "Deutschland"]
[Date "1997.??.??"]
[Round "?.3"]
[White "Mueller, Karsten"]
[Black "Kuczynski, Robert"]
[Result "1/2-1/2"]
[WhiteElo "2500"]
[BlackElo "2500"]
[PlyCount "92"]
[EventDate "1996.10.??"]
[EventType "team"]
[EventRounds "15"]
[EventCountry "GER"]
[SourceTitle "Bundesliga 9697"]
[Source "DeepChess"]
[SourceDate "2005.01.01"]
[SourceVersion "1"]
[SourceVersionDate "2005.01.01"]
[SourceQuality "1"]
[WhiteTeam "Hamburger SK 1830 e.V."]
[BlackTeam "SV Erfurt West 90"]
[WhiteTeamCountry "GER"]
[BlackTeamCountry "GER"]

1. e4 c5 2. Nf3 d6 3. d4 cxd4 4. Nxd4 Nf6 5. Nc3 a6 6. Bc4 e6 7. O-O b5 8. Bb3
Be7 9. Be3 O-O 10. f3 Bb7 11. Bxe6 fxe6 12. Nxe6 Qc8 13. Nxf8 Bxf8 14. Bd4 Nbd7
15. Ne2 Qc4 16. b3 Qf7 17. Qd2 Re8 18. Qf4 Qe6 19. Ng3 d5 20. Qc7 Qc6 21. Qxc6
Bxc6 22. exd5 Nxd5 23. Rfe1 Rc8 24. c3 Bb7 25. Ne4 N7f6 26. Nxf6+ gxf6 27. a4
bxa4 28. Rxa4 Kf7 29. Rc4 Rd8 30. Kf2 Rd7 31. Ra4 Nf4 32. Rea1 Nd3+ 33. Ke3 Nc5
34. Bxc5 Bxc5+ 35. Ke2 Re7+ 36. Kd2 Be3+ 37. Kd3 Bb6 38. Rb4 Bc5 39. Rc4 Bb6
40. Rb4 Bc5 41. Rh4 Kg6 42. Ra5 Rd7+ 43. Ke2 Bf8 44. Rg4+ Kf7 45. Rh4 Kg6 46.
Rg4+ Kf7 1/2-1/2

[Event "Bundesliga 9697"]
[Site "Deutschland"]
[Date "1997.??.??"]
[Round "?.4"]
[White "Voekler, Bernd"]
[Black "Movsziszian, Karen"]
[Result "1/2-1/2"]
[WhiteElo "2410"]
[BlackElo "2490"]
[PlyCount "123"]
[EventDate "1996.10.??"]
[EventType "team"]
[EventRounds "15"]
[EventCountry "GER"]
[SourceTitle "Bundesliga 9697"]
[Source "DeepChess"]
[SourceDate "2005.01.01"]
[SourceVersion "1"]
[SourceVersionDate "2005.01.01"]
[SourceQuality "1"]
[WhiteTeam "SV Erfurt West 90"]
[BlackTeam "Hamburger SK 1830 e.V."]
[WhiteTeamCountry "GER"]
[BlackTeamCountry "GER"]

1. e4 g6 2. d4 Bg7 3. Nc3 d6 4. Bg5 c6 5. Qd2 b5 6. f4 a5 7. Nf3 Bg4 8. Be2 Qb6
9. Rd1 b4 10. Na4 Qa7 11. h3 Bd7 12. b3 Nf6 13. Qe3 Na6 14. O-O O-O 15. Kh2 Nc7
16. Bd3 c5 17. d5 Rfe8 18. Bc4 Nb5 19. Rf2 Na3 20. Bf1 Bxa4 21. bxa4 Nd7 22.
Bh4 Nb6 23. e5 Nxa4 24. c4 Nc3 25. Rc1 Rab8 26. Rxc3 bxc3 27. Qxc3 Nb1 28. Qc1
Qb6 29. Bd3 Qb4 30. Rc2 Rb7 31. Be1 Qb6 32. Re2 Reb8 33. h4 a4 34. h5 dxe5 35.
fxe5 Qc7 36. Bg3 e6 37. d6 Qd7 38. Bf2 Qc8 39. Be3 a3 40. Bxb1 Rxb1 41. Qxa3
R1b4 42. Qd3 Qc6 43. Bg5 R4b7 44. Bf4 Rd7 45. hxg6 hxg6 46. Ng5 Rdb7 47. Rf2
Rb2 48. Rxb2 Rxb2 49. Ne4 Rb8 50. Bg3 Kf8 51. Qe3 Ke8 52. Qg5 Kf8 53. Qh4 Kg8
54. d7 Qxd7 55. Nf6+ Bxf6 56. exf6 Qd8 57. Bxb8 Qxb8+ 58. Qg3 Qb2 59. Qf4 Qd4
60. Qxd4 cxd4 61. Kg3 Kf8 62. a4 1/2-1/2

[Event "Bundesliga 9697"]
[Site "Deutschland"]
[Date "1997.??.??"]
[Round "?.5"]
[White "Michaelsen, Nils"]
[Black "Mueller, Matthias"]
[Result "0-1"]
[WhiteElo "2440"]
[BlackElo "2375"]
[PlyCount "158"]
[EventDate "1996.10.??"]
[EventType "team"]
[EventRounds "15"]
[EventCountry "GER"]
[SourceTitle "Bundesliga 9697"]
[Source "DeepChess"]
[SourceDate "2005.01.01"]
[SourceVersion "1"]
[SourceVersionDate "2005.01.01"]
[SourceQuality "1"]
[WhiteTeam "Hamburger SK 1830 e.V."]
[BlackTeam "SV Erfurt West 90"]
[WhiteTeamCountry "GER"]
[BlackTeamCountry "GER"]

1. d4 d5 2. c4 e6 3. Nf3 Nf6 4. Bg5 dxc4 5. Qa4+ Nbd7 6. Nbd2 a6 7. Qxc4 c5 8.
e4 b5 9. Qc2 cxd4 10. e5 h6 11. Bh4 g5 12. Bg3 Nd5 13. Be2 Bb7 14. O-O Rc8 15.
Qb1 Nc5 16. Rd1 Nf4 17. Bxf4 gxf4 18. Bd3 Be7 19. Be4 Nxe4 20. Nxe4 d3 21. Rxd3
Rc1+ 22. Qxc1 Qxd3 23. Nf6+ Bxf6 24. exf6 Bxf3 25. Qc8+ Qd8 26. Qxd8+ Kxd8 27.
gxf3 Rg8+ 28. Kf1 Rg6 29. a4 Rxf6 30. axb5 axb5 31. Ra7 Rf5 32. Ke2 Ke8 33. Kd3
Kf8 34. b4 Kg7 35. Rc7 Kf6 36. Kd4 Rh5 37. Rc5 Rxh2 38. Ke4 Rxf2 39. Kxf4 e5+
40. Ke3 Rb2 41. Rxb5 Kf5 42. Rb7 f6 43. Rh7 Rb3+ 44. Ke2 Kg6 45. Rb7 h5 46. b5
h4 47. Rb8 h3 48. Kf2 h2 49. Kg2 h1=Q+ 50. Kxh1 Rxf3 51. b6 Rb3 52. b7 Kf5 53.
Kg2 e4 54. Kf2 Kf4 55. Rf8 Rb2+ 56. Kf1 Rxb7 57. Rxf6+ Ke3 58. Ra6 Rb1+ 59. Kg2
Rd1 60. Ra8 Ke2 61. Ra7 e3 62. Ra2+ Rd2 63. Ra1 Rb2 64. Kg3 Rc2 65. Kg2 Rb2 66.
Kg3 Rd2 67. Kg2 Rd1 68. Ra2+ Rd2 69. Ra1 Rc2 70. Kg3 Rc3 71. Kg2 Rd3 72. Ra2+
Ke1 73. Ra1+ Rd1 74. Ra3 e2 75. Ra2 Rd8 76. Ra1+ Kd2 77. Ra2+ Ke3 78. Ra3+ Rd3
79. Ra1 Rd1 0-1

[Event "Bundesliga 9697"]
[Site "Deutschland"]
[Date "1997.??.??"]
[Round "?.7"]
[White "Heinemann, Thies"]
[Black "Brueggemann, Joachim"]
[Result "1/2-1/2"]
[WhiteElo "2425"]
[BlackElo "2285"]
[PlyCount "88"]
[EventDate "1996.10.??"]
[EventType "team"]
[EventRounds "15"]
[EventCountry "GER"]
[SourceTitle "Bundesliga 9697"]
[Source "DeepChess"]
[SourceDate "2005.01.01"]
[SourceVersion "1"]
[SourceVersionDate "2005.01.01"]
[SourceQuality "1"]
[WhiteTeam "Hamburger SK 1830 e.V."]
[BlackTeam "SV Erfurt West 90"]
[WhiteTeamCountry "GER"]
[BlackTeamCountry "GER"]

1. e4 c5 2. Nf3 d6 3. d4 cxd4 4. Nxd4 Nc6 5. c4 Bd7 6. Nc3 a6 7. Be3 e6 8. Be2
Be7 9. O-O Nf6 10. f4 Qb8 11. Nb3 O-O 12. Bf3 b5 13. c5 b4 14. Na4 dxc5 15. e5
Nd5 16. Bxd5 exd5 17. Bxc5 Qb5 18. Bxe7 Nxe7 19. Nac5 Bf5 20. Qf3 Rac8 21. Rac1
Qb6 22. Kh1 Rc6 23. g4 Bc8 24. f5 Qc7 25. Qe3 Re8 26. Qd4 Rh6 27. Nxa6 Qd8 28.
Nxb4 Rh4 29. Nc6 Nxc6 30. Rxc6 Qg5 31. Rg1 h5 32. e6 fxe6 33. gxh5 Rxd4 34.
Rxg5 Rc4 35. Rxc4 dxc4 36. Nd2 exf5 37. Nxc4 Re1+ 38. Kg2 Be6 39. b3 Kh7 40.
Kf3 Ra1 41. Ne3 Rxa2 42. Nxf5 Rxh2 43. b4 Rb2 44. Nxg7 Bd7 1/2-1/2

[Event "Bundesliga 9697"]
[Site "Deutschland"]
[Date "1997.??.??"]
[Round "?.8"]
[White "Fuhrmann, Daniel"]
[Black "Sievers, Stefan"]
[Result "1-0"]
[WhiteElo "2280"]
[BlackElo "2375"]
[PlyCount "67"]
[EventDate "1996.10.??"]
[EventType "team"]
[EventRounds "15"]
[EventCountry "GER"]
[SourceTitle "Bundesliga 9697"]
[Source "DeepChess"]
[SourceDate "2005.01.01"]
[SourceVersion "1"]
[SourceVersionDate "2005.01.01"]
[SourceQuality "1"]
[WhiteTeam "SV Erfurt West 90"]
[BlackTeam "Hamburger SK 1830 e.V."]
[WhiteTeamCountry "GER"]
[BlackTeamCountry "GER"]

1. d4 Nf6 2. c4 c5 3. d5 b5 4. cxb5 a6 5. bxa6 g6 6. Nc3 Bxa6 7. Nf3 Bg7 8. e4
Bxf1 9. Kxf1 d6 10. g3 O-O 11. Kg2 Nbd7 12. h3 Ra6 13. Re1 Qa8 14. Re2 e6 15.
Bf4 Nh5 16. Bg5 Re8 17. dxe6 Rxe6 18. Qd3 h6 19. Bd2 Qb7 20. Rd1 Nhf6 21. Bc1
Ra8 22. a3 Nb6 23. Kh2 Na4 24. Qb5 Qa6 25. Qxa6 Rxa6 26. Nxa4 Rxa4 27. e5 dxe5
28. Nxe5 g5 29. Rde1 Rd6 30. Kg2 Ra8 31. Nc4 Rd4 32. Ne3 Rad8 33. Rc2 Rc8 34.
Nf5 1-0

[Event "Bundesliga 9697"]
[Site "Deutschland"]
[Date "1997.??.??"]
[Round "?.2"]
[White "Ftacnik, Lubomir"]
[Black "Slobodjan, Roman"]
[Result "1/2-1/2"]
[WhiteElo "2595"]
[BlackElo "2520"]
[PlyCount "122"]
[EventDate "1996.10.??"]
[EventType "team"]
[EventRounds "15"]
[EventCountry "GER"]
[SourceTitle "Bundesliga 9697"]
[Source "DeepChess"]
[SourceDate "2005.01.01"]
[SourceVersion "1"]
[SourceVersionDate "2005.01.01"]
[SourceQuality "1"]
[WhiteTeam "Hamburger SK 1830 e.V."]
[BlackTeam "USC Magdeburg"]
[WhiteTeamCountry "GER"]
[BlackTeamCountry "GER"]

1. d4 Nf6 2. Nf3 b6 3. c4 Bb7 4. Nc3 e6 5. a3 d5 6. cxd5 Nxd5 7. Qc2 Nd7 8.
Nxd5 exd5 9. Bg5 Be7 10. Bxe7 Kxe7 11. g3 Nf6 12. Rc1 c6 13. Ne5 Qd6 14. Bg2
Rhc8 15. O-O Kf8 16. Qf5 Rc7 17. Rc2 c5 18. dxc5 bxc5 19. Rd1 Re8 20. Nc4 Qe7
21. Ne3 d4 22. Bxb7 dxe3 23. Bf3 exf2+ 24. Kxf2 g6 25. Qf4 Kg7 26. Rd3 Rcc8 27.
Re3 Qd7 28. Rxe8 Qxe8 29. Qe3 Qb5 30. b4 c4 31. Qxa7 Qf5 32. Rc1 g5 33. Qa5 Qg6
34. Qe5 Re8 35. Qd4 g4 36. Bg2 Qf5+ 37. Qf4 Qe6 38. Qxc4 Qe3+ 39. Kf1 Re5 40.
Qf4 Qxe2+ 41. Kg1 Qb2 42. Rf1 Re2 43. Bc6 h6 44. b5 Re6 45. a4 Qc3 46. Bg2 Qc5+
47. Kh1 Qc3 48. Qc1 Qb4 49. Qa1 Qc5 50. Qb2 Qb6 51. Qb4 Qe3 52. a5 Ne4 53. Bxe4
Rxe4 54. Qb2+ Re5 55. Rb1 f6 56. a6 Qe4+ 57. Kg1 Rf5 58. a7 Qe3+ 59. Kg2 Qe4+
60. Kg1 Qe3+ 61. Kg2 Qe4+ 1/2-1/2

[Event "Bundesliga 9697"]
[Site "Deutschland"]
[Date "1997.??.??"]
[Round "?.3"]
[White "Rogozenko, Dorian"]
[Black "Mueller, Karsten"]
[Result "1-0"]
[WhiteElo "2530"]
[BlackElo "2500"]
[PlyCount "85"]
[EventDate "1996.10.??"]
[EventType "team"]
[EventRounds "15"]
[EventCountry "GER"]
[SourceTitle "Bundesliga 9697"]
[Source "DeepChess"]
[SourceDate "2005.01.01"]
[SourceVersion "1"]
[SourceVersionDate "2005.01.01"]
[SourceQuality "1"]
[WhiteTeam "USC Magdeburg"]
[BlackTeam "Hamburger SK 1830 e.V."]
[WhiteTeamCountry "GER"]
[BlackTeamCountry "GER"]

1. d4 d5 2. Nf3 c6 3. c4 Nf6 4. Nc3 e6 5. Bg5 dxc4 6. e4 b5 7. e5 h6 8. Bh4 g5
9. Nxg5 hxg5 10. Bxg5 Nbd7 11. g3 Rg8 12. h4 Rxg5 13. hxg5 Nd5 14. g6 fxg6 15.
Qg4 Qe7 16. Bg2 Qf7 17. Be4 Ne7 18. Rh8 Bb7 19. Nxb5 cxb5 20. Bxb7 Rb8 21. Be4
Nb6 22. Ke2 Rd8 23. Rah1 Kd7 24. a4 Nf5 25. R1h7 Bg7 26. Rxd8+ Kxd8 27. a5 Nd5
28. Bxf5 exf5 29. Qf3 Nc7 30. Qc6 Qe6 31. Qc5 Qd7 32. Qxa7 Ke8 33. Qb7 Kf8 34.
d5 Qxd5 35. Qxd5 Nxd5 36. a6 Nc7 37. a7 Kg8 38. e6 Kxh7 39. e7 Bxb2 40. a8=Q
Nxa8 41. e8=Q Nb6 42. Qxb5 Bd4 43. Qb4 1-0

[Event "Bundesliga 9697"]
[Site "Deutschland"]
[Date "1997.??.??"]
[Round "?.4"]
[White "Movsziszian, Karen"]
[Black "Naumann, Alexander"]
[Result "1/2-1/2"]
[WhiteElo "2490"]
[BlackElo "2380"]
[PlyCount "113"]
[EventDate "1996.10.??"]
[EventType "team"]
[EventRounds "15"]
[EventCountry "GER"]
[SourceTitle "Bundesliga 9697"]
[Source "DeepChess"]
[SourceDate "2005.01.01"]
[SourceVersion "1"]
[SourceVersionDate "2005.01.01"]
[SourceQuality "1"]
[WhiteTeam "Hamburger SK 1830 e.V."]
[BlackTeam "USC Magdeburg"]
[WhiteTeamCountry "GER"]
[BlackTeamCountry "GER"]

1. g3 Nf6 2. Bg2 g6 3. d4 Bg7 4. e4 d6 5. Nc3 O-O 6. Nge2 Nbd7 7. h3 c5 8. d5
Rb8 9. a4 b6 10. O-O a6 11. Rb1 b5 12. axb5 axb5 13. b4 cxb4 14. Na2 b3 15.
cxb3 Qa5 16. Qc2 Ra8 17. Nec3 b4 18. Na4 Ba6 19. Re1 Ne5 20. Re3 Rfc8 21. Qd2
Rab8 22. Ba3 Nc4 23. bxc4 Qxa4 24. Rxb4 Rxb4 25. Nxb4 Bxc4 26. Nc6 Bf8 27. Bb2
Re8 28. Ra3 Qb5 29. Ra7 e5 30. dxe6 Bxe6 31. Nd4 Qb6 32. Ra1 Bc8 33. Nf5 d5 34.
Bd4 Qe6 35. Nh6+ Bxh6 36. Qxh6 dxe4 37. Bxe4 Qd6 38. Bd5 Bb7 39. Bxb7 Qxd4 40.
Rc1 Re2 41. Rf1 Qb4 42. Bf3 Re1 43. h4 Qb1 44. Be2 Rxf1+ 45. Bxf1 Qf5 46. Qd2
h5 47. Bd3 Qe5 48. Qa2 Kg7 49. Bc4 Qe1+ 50. Kg2 Qe4+ 51. f3 Qb7 52. Qa1 Qd7 53.
Qc3 Qf5 54. Bb3 Qd7 55. Bc4 Qf5 56. Be2 Qe6 57. Bc4 1/2-1/2

[Event "Bundesliga 9697"]
[Site "Deutschland"]
[Date "1997.??.??"]
[Round "?.5"]
[White "Proehl, Holger"]
[Black "Michaelsen, Nils"]
[Result "1/2-1/2"]
[WhiteElo "2395"]
[BlackElo "2440"]
[PlyCount "83"]
[EventDate "1996.10.??"]
[EventType "team"]
[EventRounds "15"]
[EventCountry "GER"]
[SourceTitle "Bundesliga 9697"]
[Source "DeepChess"]
[SourceDate "2005.01.01"]
[SourceVersion "1"]
[SourceVersionDate "2005.01.01"]
[SourceQuality "1"]
[WhiteTeam "USC Magdeburg"]
[BlackTeam "Hamburger SK 1830 e.V."]
[WhiteTeamCountry "GER"]
[BlackTeamCountry "GER"]

1. e4 c5 2. c3 d5 3. exd5 Qxd5 4. d4 Nc6 5. Nf3 Bg4 6. Be2 cxd4 7. cxd4 e6 8.
O-O Nf6 9. Be3 Be7 10. Nc3 Qd6 11. Qd2 O-O 12. Rad1 Rfd8 13. Rfe1 Rac8 14. h3
Bh5 15. a3 a6 16. Bf4 Qd7 17. Ne5 Qe8 18. Nxc6 Qxc6 19. d5 Qb6 20. Bxh5 Nxh5
21. Be3 Qb3 22. Qe2 Nf6 23. Bg5 h6 24. dxe6 Qxe6 25. Rxd8+ Rxd8 26. Qxe6 fxe6
27. Be3 Kf7 28. Kf1 b5 29. Ke2 e5 30. Rd1 Rc8 31. Rc1 Ke6 32. Kd3 Rc4 33. Ne2
Rxc1 34. Bxc1 Bc5 35. f3 Nd5 36. Bd2 h5 37. Bc1 g6 38. Bd2 Bf2 39. Bc1 Bc5 40.
Bd2 Bf2 41. Nc3 Nxc3 42. Bxc3 1/2-1/2

[Event "Bundesliga 9697"]
[Site "Deutschland"]
[Date "1997.??.??"]
[Round "?.6"]
[White "Heinemann, Thies"]
[Black "Stolz, Mike"]
[Result "1/2-1/2"]
[WhiteElo "2425"]
[BlackElo "2280"]
[PlyCount "132"]
[EventDate "1996.10.??"]
[EventType "team"]
[EventRounds "15"]
[EventCountry "GER"]
[SourceTitle "Bundesliga 9697"]
[Source "DeepChess"]
[SourceDate "2005.01.01"]
[SourceVersion "1"]
[SourceVersionDate "2005.01.01"]
[SourceQuality "1"]
[WhiteTeam "Hamburger SK 1830 e.V."]
[BlackTeam "USC Magdeburg"]
[WhiteTeamCountry "GER"]
[BlackTeamCountry "GER"]

1. e4 e6 2. d4 d5 3. Nd2 Nf6 4. e5 Nfd7 5. c3 c5 6. Bd3 Nc6 7. Ne2 cxd4 8. cxd4
f6 9. exf6 Nxf6 10. Nf3 Bd6 11. O-O Qc7 12. g3 O-O 13. Bf4 Nh5 14. Bxd6 Qxd6
15. Nc3 g6 16. Bb5 Bd7 17. Bxc6 Bxc6 18. Ne5 Rac8 19. a3 Rc7 20. Qd2 Nf6 21.
Rfe1 Rfc8 22. Qf4 Nh5 23. Qh6 Qf8 24. Qxf8+ Kxf8 25. Nf3 Re7 26. Rac1 Rd8 27.
Ne5 Be8 28. Nb1 Nf6 29. Nd2 g5 30. Re3 Bf7 31. Rec3 Ne8 32. Kf1 Kg7 33. Ke2 Nd6
34. Rc7 Rde8 35. Rxe7 Rxe7 36. g4 Bg6 37. Ke3 h6 38. Rc5 Be8 39. f4 Kf6 40. Rc1
gxf4+ 41. Kxf4 Nb5 42. Ke3 Rc7 43. Rxc7 Nxc7 44. h4 Nb5 45. Ndf3 Nd6 46. Kf4
Nb5 47. g5+ hxg5+ 48. hxg5+ Ke7 49. Ke3 Nd6 50. Nh4 Bh5 51. Ng2 Nf5+ 52. Kd3
Be8 53. Nf4 Ng3 54. g6 Kf6 55. Kc3 Nf5 56. Kd3 Ne7 57. g7 Bf7 58. Nxf7 Kxf7 59.
Kc3 b6 60. Kb3 Kxg7 61. Nxe6+ Kf6 62. Nc7 Kf5 63. Kc3 Ke4 64. Ne8 Kf5 65. Nd6+
Ke6 66. Nb5 Nc6 1/2-1/2

[Event "Bundesliga 9697"]
[Site "Deutschland"]
[Date "1997.??.??"]
[Round "?.7"]
[White "Kapischka, Jens"]
[Black "Sievers, Stefan"]
[Result "1/2-1/2"]
[WhiteElo "2315"]
[BlackElo "2375"]
[PlyCount "42"]
[EventDate "1996.10.??"]
[EventType "team"]
[EventRounds "15"]
[EventCountry "GER"]
[SourceTitle "Bundesliga 9697"]
[Source "DeepChess"]
[SourceDate "2005.01.01"]
[SourceVersion "1"]
[SourceVersionDate "2005.01.01"]
[SourceQuality "1"]
[WhiteTeam "USC Magdeburg"]
[BlackTeam "Hamburger SK 1830 e.V."]
[WhiteTeamCountry "GER"]
[BlackTeamCountry "GER"]

1. Nf3 c5 2. g3 Nc6 3. Bg2 g6 4. O-O Bg7 5. d3 d5 6. a3 e6 7. Nc3 Nge7 8. Rb1
O-O 9. Na4 Qd6 10. c4 b6 11. Bd2 Bd7 12. b4 Rab8 13. Qc2 d4 14. Rb2 Rfc8 15.
Rfb1 cxb4 16. axb4 b5 17. Nc5 Be8 18. Na6 Rb7 19. Nc5 Rbb8 20. Na6 Rb7 21. Nc5
Rbb8 1/2-1/2

[Event "Bundesliga 9697"]
[Site "Deutschland"]
[Date "1997.??.??"]
[Round "?.8"]
[White "Wegner, Hannu"]
[Black "Darnstaedt, Frank"]
[Result "1/2-1/2"]
[WhiteElo "2350"]
[BlackElo "2295"]
[PlyCount "35"]
[EventDate "1996.10.??"]
[EventType "team"]
[EventRounds "15"]
[EventCountry "GER"]
[SourceTitle "Bundesliga 9697"]
[Source "DeepChess"]
[SourceDate "2005.01.01"]
[SourceVersion "1"]
[SourceVersionDate "2005.01.01"]
[SourceQuality "1"]
[WhiteTeam "Hamburger SK 1830 e.V."]
[BlackTeam "USC Magdeburg"]
[WhiteTeamCountry "GER"]
[BlackTeamCountry "GER"]

1. Nf3 Nf6 2. c4 g6 3. Nc3 d5 4. d4 Bg7 5. cxd5 Nxd5 6. e4 Nxc3 7. bxc3 c5 8.
Rb1 O-O 9. Be2 cxd4 10. cxd4 Qa5+ 11. Bd2 Qxa2 12. O-O Nd7 13. Bb4 Nb6 14. Ne5
Bf6 15. Ra1 Qb2 16. Rb1 Qa2 17. Ra1 Qb2 18. Rb1 1/2-1/2

[Event "Bundesliga 9697"]
[Site "Deutschland"]
[Date "1997.??.??"]
[Round "?.7"]
[White "Becker, Marc"]
[Black "Schmitz, Joachim"]
[Result "1/2-1/2"]
[WhiteElo "2415"]
[BlackElo "2197"]
[PlyCount "33"]
[EventDate "1996.10.??"]
[EventType "team"]
[EventRounds "15"]
[EventCountry "GER"]
[SourceTitle "Bundesliga 9697"]
[Source "DeepChess"]
[SourceDate "2005.01.01"]
[SourceVersion "1"]
[SourceVersionDate "2005.01.01"]
[SourceQuality "1"]
[WhiteTeam "SC Anderssen St.Ingbert 1920 e.V."]
[BlackTeam "PSV Turm Duisburg 1920 e.V."]
[WhiteTeamCountry "GER"]
[BlackTeamCountry "GER"]

1. c4 c5 2. Nf3 g6 3. g3 Bg7 4. Nc3 Nc6 5. Bg2 d6 6. a3 Nf6 7. Rb1 Bf5 8. d3
Qd7 9. b4 Rc8 10. O-O b6 11. b5 Na5 12. Nh4 Bh3 13. e4 O-O 14. f4 Bxg2 15. Kxg2
Ne8 16. Bd2 f5 17. Qe2 1/2-1/2